Normal view
MARC view
Entry Personal Name
001 - CONTROL NUMBER
- control field: 46572
003 - CONTROL NUMBER IDENTIFIER
- control field: ARRUPE
005 - DATE AND TIME OF LATEST TRANSACTION
- control field: 20190603104906.0
008 - FIXED-LENGTH DATA ELEMENTS
- fixed length control field: 190603|| aca||aabn | a|a d
040 ## - CATALOGING SOURCE
- Original cataloging agency: ARRUPE
- Transcribing agency: ARRUPE
100 ## - HEADING--PERSONAL NAME
- Personal name: Walls, Andrew F.
- Fuller form of name: (Andrew Finlay)
670 ## - SOURCE DATA FOUND
- Source citation: Work cat.: (ARRUPE)0: Ezigbo, Victor I. 46570, Re-imagining African Christologies :, 2010.